000 00820nam a2200265Ia 4500
003 OSt
005 20220928105001.0
006 a|||||r|||| 00| 0
007 ta
008 220927b |||||||| |||| 00| 0 eng d
020 _cUKP 20.00
024 _a146496
037 _b65, 17/12/2021, Classic Book Service
_cTextual
040 _aSDCL
_cSDCL
_beng
041 _2eng
_aeng
082 _aW64, R1
100 _aChowdhury Debasish Roy Au.
_9413171
245 0 _aTo kill a democracy
_b India's passage to despotism
260 _aNew York
_b OUP
_c2021
300 _a320p.
_ccm.
650 _aPolitical Science
700 _a Keane John Au.
_9413172
942 _hW64, R1
_cTEXL
_2CC
999 _c728942
_d728942